000 00808nam a22002777a 4500
001 000312
003 DO-SdBNP
005 20240208112035.0
007 000312
008 160623b 1983 ag ||| 00| 0 spa d
040 _aBPMSU
_bspa
_cBPMSU
082 4 _a862.5
_bZ88d 1983
_222
092 _axxxxx
_bxxxxx
100 1 _aZorrilla, José,
_d1817-1893.
245 1 0 _aDon Juan Tenorio /
_cJosé Zorrilla
260 _aVilla Dominico, Argentina :
_bEditorial Kapelusz,
_c1983
300 _a168 p. ;
_c18 cm.
490 0 _aGrandes obras de la literatura universal
_a
590 _aInventariado, 2024/VM
650 4 _aTeatro español.
650 4 _aAmor
_vTeatro
650 4 _aCortejo amoroso
_vTeatro
650 4 _aLiteratura española
910 _aVMateo V. Control de calidad. BPMSU
942 _2ddc
_cBK
999 _c14563
_d14563